000 00878cam a22002774a 4500
999 _c361
_d361
001 12920285
003 OSt
005 20190904160951.0
008 020906s2003 nyua 001 0 eng
010 _a 2002112747
020 _a071673902X
035 _a(DLC) 2002112747
040 _aDLC
_cDLC
_dDLC
042 _apcc
050 0 0 _aQD33.2
_b.I56 2004
082 0 0 _a540 BAI 2003
_222
100 1 _aBaird, Colin; Gloffke, Wendy.
_9927
245 1 0 _aChemistry in your Life
260 _aNew York :
_bW.H. Freeman,
_cc2003
300 _axxviii,660 p:. (various pagings) :
_bcol.ill;
_c28 cm.
500 _aIncludes index.
650 0 _aChemistry.
_9797
906 _a7
_bcbc
_corignew
_d2
_eepcn
_f20
_gy-gencatlg
942 _2z
_cB_BANK